[Event "18th Aeroflot Open-A 2020"]
[Site "Moscow"]
[Date "2020.02.27"]
[Round "9.25"]
[White "Karthikeyan, Murali"]
[Black "Moroni, Luca Jr"]
[Result "1/2-1/2"]
[WhiteElo "2602"]
[BlackElo "2536"]
[Annotator "TA"]
[PlyCount "145"]
[EventDate "2020.02.19"]
[EventType "swiss"]
[EventCountry "RUS"]
[SourceTitle "playchess.com"]
[Source "ChessBase"]
[SourceQuality "1"]

{[%evp 17,145,33,39,0,6,9,2,16,11,0,5,0,0,0,9,0,4,-10,-10,-22,0,0,0,0,18,19,25,24,42,45,40,38,38,38,40,39,44,0,0,0,51,51,51,51,51,51,51,38,38,38,60,61,64,16,122,122,316,308,272,258,205,156,149,149,156,62,62,62,62,62,63,63,97,8,18,8,8,8,8,8,41,0,0,0,2,2,8,0,0,0,0,0,0,0,0,0,0,0,0,0,0,0,0,0,0,0,0,0,0,0,0,0,0,0,0,0,0,0,0,0,0,0,0,0,0,0,0,0,0,0]} 1. e4 e5 2. Nf3 Nc6 3. Bb5 a6 4. Ba4 Nf6 5. O-O b5 6. Bb3 Bc5 7. a4 Rb8 8. c3 d6 9. d4 Bb6 10. a5 {C78: Ruy Lopez: Archangelsk and Möller Defences.} Ba7 $1 11. h3 {11.Be3 deserves study.} O-O 12. Be3 Ra8 13. Nbd2 h6 14. Bc2 $5 {[%mdl 4] Leaves trodden paths.} Re8 15. Re1 exd4 16. Nxd4 {[#]} Ne5 $146 ({Predecessor:} 16... Ne7 17. Qf3 c5 18. Ne2 Bb7 19. Bxh6 gxh6 20. Qxf6 Ng6 21. Qxd8 Raxd8 22. Ng3 d5 23. exd5 Bxd5 24. Rxe8+ Rxe8 {1-0 (40) Idani,P (2583)-Tilicheev,V (2526) Konya 2018}) 17. N4f3 Bxe3 18. Rxe3 Bb7 19. Nxe5 dxe5 20. b4 Qe7 21. Nb3 Red8 22. Qe1 Bc8 23. Rd1 Be6 24. Nc5 Rxd1 25. Qxd1 Rd8 26. Rd3 Rd6 $1 27. Nb7 Rxd3 28. Qxd3 Qd7 (28... Nd7 $11) 29. Nc5 $14 Qxd3 30. Bxd3 {[%mdl 4096] Endgame KBN-KBN} Bc8 31. Be2 Kf8 32. Kf1 Ke7 33. Ke1 c6 34. Kd2 Kd6 35. Ke3 g5 (35... Nd7 $11 {remains equal.}) 36. g3 $16 Nd7 $2 (36... Ne8 $16) 37. Bg4 $18 h5 38. Bxd7 ({Weaker is} 38. Bxh5 Nxc5 39. bxc5+ Kxc5 $16) 38... Bxd7 39. Nxa6 Bxh3 {KB-KN} 40. Nc5 Kc7 {[#]} 41. Nd3 (41. f4 $1 $16) 41... f6 $14 42. f4 exf4+ 43. gxf4 gxf4+ 44. Nxf4 Bg4 45. Kf2 (45. Ng6 $16) 45... h4 $11 46. Ng6 h3 47. Kg3 Bc8 48. Nf4 Kd6 (48... c5 $5) 49. Nxh3 c5 $1 {The position is equal.} 50. Nf4 cxb4 51. cxb4 {[#] Hoping for Nd5.} Ke5 52. Nd3+ Kxe4 53. Nc5+ Kd5 54. Kf4 Kc6 55. Ke4 Kd6 $1 56. Kd4 {And now Ne4+ would win.} f5 $1 57. Kd3 {Strongly threatening Kd4.} Kd5 58. Ke2 Kd6 59. Ke3 {Kd4 is the strong threat.} Kc6 60. Kf4 {Threatens to win with Ke5.} Kd5 61. a6 {Intending a7 and mate.} Kc6 62. a7 Bb7 $1 63. Nxb7 (63. Ne6 {keeps more tension.} Kb6 64. Nd4 Kxa7 65. Nxb5+ Kb6 66. Nd4) 63... Kxb7 64. Kxf5 Kxa7 {KP-KP} 65. Ke5 Kb8 66. Kd6 Kb7 67. Kc5 Kc7 68. Kxb5 {Threatening mate with Ka6.} Kb7 69. Ka5 Ka7 70. b5 Kb7 71. b6 Kb8 72. Ka6 {White wants to mate with b7.} Ka8 73. b7+ {Black escapes into a draw. Accuracy: White = 84%, Black = 88%.} 1/2-1/2

[Event "18th Aeroflot Open-A 2020"]
[Site "Moscow"]
[Date "2020.02.27"]
[Round "9.26"]
[White "Puranik, Abhimanyu"]
[Black "Iljiushenok, Ilia"]
[Result "0-1"]
[WhiteElo "2597"]
[BlackElo "2519"]
[Annotator "TA"]
[PlyCount "151"]
[EventDate "2020.02.19"]
[EventType "swiss"]
[EventCountry "RUS"]
[SourceTitle "playchess.com"]
[Source "ChessBase"]
[SourceQuality "1"]

{[%evp 17,151,32,21,0,0,-7,0,-3,-2,-23,-10,-60,-62,-60,-54,-57,-52,-88,-77,-81,-75,-77,-68,-64,-28,-68,-53,-88,-16,-16,-16,-14,-8,-16,-5,-5,-17,-81,-75,-188,-197,-214,-93,-77,-85,-123,-120,-119,-120,-118,-117,-120,-45,-44,-60,-135,-135,-135,-133,-186,-113,-331,-330,-358,-358,-364,-360,-345,-333,-452,-500,-493,-460,-568,-399,-441,-439,-438,-420,-467,-397,-502,-315,-315,-313,-315,-315,-315,-314,-285,-291,-289,-289,-263,-243,-12820,-12822,-12819,-12189,-12823,-12825,-12825,-12826,-12825,-12826,-12825,-12822,-12819,-12819,-12774,-12774,-1570,-953,-12831,-12831,-12832,-12832,-12832,-12828,-12832,-12832,-12824,-12831,-12835,-12835,-12838,-12839,-12839,-12839,-12840,-12840,-12842,-12841,-12840,-11547,-12850]} 1. e4 c5 2. Nc3 a6 3. g3 d6 4. Bg2 Nf6 5. Nge2 g6 6. d4 cxd4 7. Nxd4 Bg7 8. h3 O-O 9. O-O Nc6 10. Nde2 {B91: Sicilian Najdorf: 6 g3.} Rb8 11. Be3 b5 12. Nd5 {The position is equal.} Nd7 13. c3 Bb7 {[#]} 14. Qc1 $146 ({Predecessor:} 14. a4 e6 15. axb5 axb5 16. Ndf4 Qc7 17. Nd4 Nxd4 18. cxd4 Rfc8 19. Nd3 Nb6 20. b3 {½-½ (32) Ikramul,H (2090)-Garcia,J (2396) Tagaytay City 2014}) 14... e6 15. Ndf4 Nce5 16. Rd1 Qc7 17. Bd4 Nf6 18. Qc2 Ned7 {And now ...e5 would win.} 19. Be3 Nc5 {[%cal Rc5e4]} 20. f3 Rbc8 21. Bf2 Rfd8 22. Nd3 Ncd7 (22... Nxd3 $17 23. Rxd3 d5) 23. a4 $11 bxa4 24. Qxa4 d5 25. exd5 $1 Nxd5 26. Qa5 Qb8 27. Rac1 (27. f4 $11) 27... Qa8 $17 28. Nc5 (28. Bf1 $17 {was called for.}) 28... Nxc5 $19 29. Bxc5 Re8 (29... Bh6 $1 $19 {has better winning chances. White must now prevent ...Rxc5.} 30. f4 Nxf4 {[%mdl 64] Discovered Attack} 31. Nxf4 Bxg2 32. Nxg2 Bxc1 33. Rxc1 Rd5) 30. Rd3 $17 e5 31. Rcd1 e4 32. fxe4 {[%cal Rd3d5]} Nf6 33. Bd4 Bxe4 34. Bxe4 Rxe4 (34... Nxe4 $17 35. Bxg7 Nc5) 35. Nf4 $15 Rce8 36. Bxf6 (36. c4 $15) 36... Bxf6 $17 37. Nd5 Bg5 $1 38. Qb6 (38. Qc5 $17 {keeps fighting.}) 38... Qc8 (38... Re2 $1 $19 {Hoping for ...Rb8.} 39. h4 Bd8) 39. g4 $2 {This move loses the game for White.} (39. Nf6+ $17 Bxf6 40. Qxf6) 39... Re1+ $19 40. Rxe1 Rxe1+ 41. Kg2 Qc4 (41... Qe8 42. Nf6+ Bxf6 43. Qxf6 $17) 42. Qd4 Qb3 $1 {[%cal Rb3b2]} 43. Rd2 Bxd2 44. Nf6+ {[#]} Kf8 $1 45. Nd5 {[%cal Rd4h8]} Ke8 46. Nc7+ {[#]} Ke7 $1 47. Nd5+ Kd7 48. Ne3+ Kc6 49. Nc4 Qb5 ({Worse is} 49... Re2+ 50. Kf3 $11) 50. Qd6+ Kb7 51. Qxd2 {[%mdl 4096] Endgame Strongly threatening Nd6+. KQR-KQN} Re6 ({Not} 51... Qxc4 52. Qxe1 Qd5+ 53. Kf2 $11) ({Resist} 51... Qc6+ 52. Kf2 $19) 52. Nd6+ {[#]} Rxd6 $1 {[%mdl 576] Deflection} 53. Qxd6 Qxb2+ {[%mdl 64] Double Attack. KQ-KQ} 54. Kf1 Qxc3 55. Qd5+ Kb6 56. Qxf7 $2 (56. Qd8+ Kb5 57. Qd5+ Ka4 58. Kf2) 56... Qxh3+ {[%mdl 64] Double Attack. Black is clearly winning.} 57. Kf2 Qxg4 58. Qf6+ Kb5 59. Qb2+ Qb4 60. Qe2+ Qc4 61. Qe8+ Qc6 62. Qe2+ Kb6 63. Qb2+ Ka7 64. Qg7+ Qb7 65. Qe5 h5 66. Ke1 Qb4+ 67. Kd1 Kb6 68. Qb8+ Ka5 69. Qc7+ Ka4 70. Qc6+ Ka3 71. Qc1+ Ka2 {( -> ...Qg4+)} 72. Qc2+ Ka1 73. Qc6 a5 {[%cal Ba6a5,Ba5a4][%mdl 32]} 74. Kc2 Qb1+ 75. Kd2 {[#]} a4 $1 76. Qc4 {Accuracy: White = 61%, Black = 83%.} (76. Qxa4+ Qa2+) 0-1

[Event "18th Aeroflot Open-A 2020"]
[Site "Moscow"]
[Date "2020.02.27"]
[Round "9.27"]
[White "Stupak, Kirill"]
[Black "Wagner, Dennis"]
[Result "1/2-1/2"]
[WhiteElo "2518"]
[BlackElo "2590"]
[Annotator "TA"]
[PlyCount "46"]
[EventDate "2020.02.19"]
[EventType "swiss"]
[EventCountry "RUS"]
[SourceTitle "playchess.com"]
[Source "ChessBase"]
[SourceQuality "1"]

{[%evp 19,46,13,10,0,0,0,-2,0,0,-33,-19,-23,-13,0,0,-17,2,-23,-20,-33,0,-7,0,2,2,2,2,0,0]} 1. d4 Nf6 2. c4 g6 3. g3 Bg7 4. Bg2 O-O 5. Nf3 d5 6. O-O dxc4 7. Na3 c3 8. bxc3 c5 9. e3 Nc6 10. Qe2 Bf5 11. Rd1 {D77: Fianchetto Grünfeld: 6 0-0: Replies other than 6...c6.} Qb6 12. Nc4 Qa6 13. Bf1 Rac8 {[#]} 14. Bd2 $146 ({Predecessor:} 14. Qe1 Qa4 15. Nb2 Qa5 16. d5 Be4 17. Ng5 Ne5 18. f4 Nf3+ 19. Nxf3 Bxf3 20. c4 {½-½ (47) Matnadze,A (2385)-Schut,L (2317) Tromsoe 2014}) 14... Rfd8 15. Be1 Na5 16. Nxa5 Qxa5 17. a4 Qc7 18. h3 Be4 19. Ne5 b6 20. a5 {The position is equal.} Nd7 21. axb6 axb6 22. Nxd7 Rxd7 23. Bg2 Bxg2 {An uneventful encounter. Accuracy: White = 86%, Black = 89%.} 1/2-1/2

[Event "18th Aeroflot Open-A 2020"]
[Site "Moscow"]
[Date "2020.02.27"]
[Round "9.28"]
[White "Savchenko, Boris"]
[Black "Krishna C R G"]
[Result "1/2-1/2"]
[WhiteElo "2573"]
[BlackElo "2443"]
[Annotator "TA"]
[PlyCount "87"]
[EventDate "2020.02.19"]
[EventType "swiss"]
[EventCountry "RUS"]
[SourceTitle "playchess.com"]
[Source "ChessBase"]
[SourceQuality "1"]

{[%evp 29,87,0,0,-47,0,-60,-12,-30,0,-88,-24,-29,27,23,35,35,24,28,58,52,48,45,51,29,29,29,29,29,29,0,0,0,35,0,0,0,0,0,0,0,27,27,23,0,0,0,0,0,0,0,0,0,0,0,0,0,0,0,0,0]} 1. e4 e6 2. Nc3 d5 3. d4 Bb4 4. e5 c5 5. a3 Bxc3+ 6. bxc3 Ne7 7. Qg4 cxd4 8. Qxg7 Rg8 9. Qxh7 Qc7 10. Ne2 dxc3 11. f4 Nbc6 12. Rb1 Bd7 13. Qd3 d4 14. Nxd4 Nxd4 15. Qxd4 Nf5 16. Qb4 {C18: French: 3 Nc3 Bb4: Main line: 7 h4 and 7 Qg4.} O-O-O (16... Bc6 $5 {[%cal Rc7d8]} 17. Qc5 (17. Qxc3 Qe7 $11) 17... Qd7 $11) 17. Rb3 (17. Rg1 $11) 17... Bc6 $15 {With the idea ...Qd7.} 18. Rxc3 Rd4 19. Rc4 (19. Qc5 $11 {remains equal.} Qd8 20. Rd3 (20. Qxa7 $2 Rd1+ {[%mdl 64] Double Attack} 21. Ke2 Rxc1 $19)) 19... Rxc4 ({Better is} 19... a5 $17 20. Qc5 Rxc4 21. Qxc4 Qb6) 20. Qxc4 $11 {[#]} Qd8 $146 (20... Nh4 $142) ({Predecessor:} 20... Qa5+ 21. Qb4 Qd5 22. Qd2 Qc5 23. Qf2 Nd4 24. Be3 Nxc2+ 25. Kd2 Rd8+ 26. Bd3 Qxa3 27. Kxc2 Rxd3 28. Bc5 Ba4+ {0-1 (28) Hartung,T (2062)-Seifert,D (2168) Bad Woerishofen 2001}) 21. Qc5 Qh4+ 22. Qf2 $1 {[%cal Rf2h4] aiming for Qxh4.} ({Wrong is} 22. g3 $2 Nxg3 23. hxg3 Qxh1 $19) 22... Ng3 $1 23. Bd3 Qh8 24. Rg1 Qxh2 25. Qxa7 Ne4 $1 26. Be3 Rxg2 27. Bxe4 Rxg1+ 28. Bxg1 Qg3+ 29. Kd1 Qg4+ 30. Ke1 {[#] White threatens Bxc6 and mate.} Qg3+ 31. Kd1 Qg4+ 32. Kc1 Qxf4+ 33. Be3 Qxe4 34. Qc5 Qh4 35. Qf8+ Kd7 {[#] ...Qe1+ is the strong threat.} 36. Qd6+ Ke8 {The position is equal.} 37. Bb6 {Qb8+ would kill now.} Qh1+ 38. Kb2 {[%csl Gb6][%cal Rd6d8]} Qd5 39. Qb8+ Ke7 40. a4 f5 41. Qh8 Qc4 {Strongly threatening ...Qb4+.} 42. Qf6+ Ke8 {Hoping for ...Qb4+.} 43. Qh8+ Ke7 {White must now prevent ...Qb4+.} 44. Qf6+ {Accuracy: White = 87%, Black = 71%.} 1/2-1/2

[Event "18th Aeroflot Open-A 2020"]
[Site "Moscow"]
[Date "2020.02.27"]
[Round "9.29"]
[White "Gadimbayli, Abdulla"]
[Black "Sanal, Vahap"]
[Result "1/2-1/2"]
[WhiteElo "2460"]
[BlackElo "2569"]
[Annotator "TA"]
[PlyCount "134"]
[EventDate "2020.02.19"]
[EventType "swiss"]
[EventCountry "RUS"]
[SourceTitle "playchess.com"]
[Source "ChessBase"]
[SourceQuality "1"]

{[%evp 20,134,46,32,67,70,112,77,73,32,34,21,33,-11,0,-4,-14,-32,-38,-24,-27,-37,-16,-17,-14,-31,-22,-21,0,0,0,0,68,66,104,-102,-72,-171,-187,-244,-228,-252,-218,-427,-242,-253,-263,-271,-282,-362,-351,-376,-322,-404,-349,-329,-342,-352,-342,-321,-299,-333,-234,-246,-217,-237,0,-246,-154,-130,-30,-30,-34,-50,-11,-12,-12,-13,-13,-23,-8,-12,0,-14,-14,-29,-25,-31,-14,-364,-395,-69,0,0,0,0,0,0,0,0,0,0,0,0,0,0,0,0,0,0,0,0,0,0,0,0,0]} 1. e4 c5 2. Nf3 e6 3. d4 cxd4 4. Nxd4 a6 5. Bd3 Nf6 6. O-O Qc7 7. Qe2 d6 8. c4 Be7 9. Nc3 Nbd7 10. f4 O-O 11. Be3 Re8 {B42: Sicilian: Kan Variation: 5 Bd3.} 12. Rac1 b6 13. b4 Bb7 {White is better.} 14. a4 Rac8 15. Nb3 Qb8 {[#]} 16. h3 $146 ({Predecessor:} 16. a5 d5 17. e5 dxc4 18. Bxc4 Nd5 19. Nxd5 exd5 20. Bxa6 Bxa6 21. Qxa6 bxa5 22. Nxa5 Rxc1 23. Rxc1 Qxb4 {0-1 (35) Loaiza,Y (1962)-Herrera,M (2076) Antioquia 2016}) 16... Qa8 {[%cal Rf6e4]} 17. Bd2 d5 18. cxd5 $1 exd5 19. e5 $1 {[%cal Re5f6]} Bxb4 20. Nd4 Ba3 21. Rc2 g6 22. Rd1 Bf8 23. Be3 Ne4 24. Nxe4 dxe4 25. Bc4 Nc5 (25... Bd5 $1 $11) 26. f5 $1 $14 {aiming for e6.} Rxe5 27. Qg4 $2 (27. fxg6 $16 {and life is bright.} hxg6 28. Bxf7+ $1 {[%mdl 512]} Kxf7 29. Qg4) 27... Bd5 $17 28. Bxd5 (28. Be2 $17 {was worth a try.}) 28... Rxd5 $19 ({But not} 28... Qxd5 $2 29. fxg6 Rd8 30. gxf7+ Kxf7 31. Rf2+ Ke8 32. Rdf1 $18) 29. fxg6 (29. Rf1 $142) 29... hxg6 30. Rf1 Bg7 31. Nb3 $2 (31. Ne2) 31... Re8 (31... f5 $142 32. Qxg6 Rc6) 32. Nxc5 bxc5 33. Rcf2 Re7 34. Bg5 f5 35. Qg3 Red7 36. Bf6 Qf8 37. Bxg7 Qxg7 38. h4 c4 39. h5 gxh5 40. Qb8+ Rd8 41. Qb6 R8d6 42. Qb8+ Rd8 43. Qb6 $1 Qf7 44. Qxa6 e3 (44... c3 $17 45. Qc4 e3) 45. Re2 $1 $11 Re5 46. Qh6 Qg7 47. Qf4 Rde8 {Threatens to win with ...Qg4.} 48. Qxc4+ Kh7 49. Qd3 Qg5 50. Rf3 Rd8 51. Qc4 (51. Qb3 {is more complex.} Rd2 52. Qf7+ Kh6 53. Qf8+ Qg7 54. Qxg7+ Kxg7 55. Rexe3 Ra5 56. Rb3) 51... Rd7 52. Qf4 (52. Re1 {seems wilder.} Rde7 53. Re2 Kh6 54. Qd4 Qg4 55. Qd8) 52... Qxf4 53. Rxf4 {[%mdl 4096] Endgame KRR-KRR} Kg6 {next ...Rd1+ is good for Black.} 54. Rf3 $2 {[%mdl 8192] [#]} (54. g3 $1 $11 {and White has nothing to worry.}) 54... Rd3 $1 $19 55. a5 $2 (55. Rf1 $19 h4 56. Rc1) 55... h4 (55... Ra3 $15 56. a6 Re4) 56. a6 $11 {The position is equal.} Rd1+ 57. Rf1 Rd8 58. Rf3 Rd1+ 59. Rf1 Rxf1+ 60. Kxf1 {KR-KR} f4 {And now ...Ra5 would win.} 61. Ra2 {Black must now prevent a7.} h3 62. gxh3 {Threatening Ke2.} f3 {( -> ...e2+)} 63. Ra1 $1 Re7 64. a7 e2+ 65. Ke1 f2+ 66. Kxf2 {White wants to mate with Rg1+.} e1=Q+ $1 67. Rxe1 Rxa7 {Accuracy: White = 68%, Black = 69%.} 1/2-1/2

[Event "18th Aeroflot Open-A 2020"]
[Site "Moscow"]
[Date "2020.02.27"]
[Round "9.30"]
[White "Grigoriants, Sergey"]
[Black "Badelka, Olga"]
[Result "1/2-1/2"]
[WhiteElo "2539"]
[BlackElo "2404"]
[Annotator "TA"]
[PlyCount "31"]
[EventDate "2020.02.19"]
[EventType "swiss"]
[EventCountry "RUS"]
[SourceTitle "playchess.com"]
[Source "ChessBase"]
[SourceQuality "1"]

{[%evp 19,31,27,45,23,29,23,12,9,15,9,10,9,16,14]} 1. e4 c5 2. Nf3 Nc6 3. Nc3 e5 4. Bc4 Be7 5. d3 d6 6. Nd2 Nf6 7. Nf1 Bg4 8. f3 Be6 9. Ne3 O-O 10. O-O Ne8 11. Ncd5 {has lost popularity (11.Ned5). B30: Sicilian: 2...Nc6 3 Bb5, lines without ...g6.} Bg5 12. a4 Nc7 13. Nxc7 {The position is equal.} Bxe3+ 14. Bxe3 Qxc7 15. Bxe6 fxe6 {[#]} 16. c3 $146 {White took control after the opening.} ({Predecessor:} 16. Qd2 Rac8 17. f4 exf4 18. Bxf4 Nd4 19. b3 h6 20. Be3 e5 21. Rxf8+ Rxf8 22. Rf1 Rxf1+ 23. Kxf1 {0-1 (79) Hagarova,Z (2335)-Lagvilava,G (2326) Leon 2001}) 1/2-1/2

[Event "18th Aeroflot Open-A 2020"]
[Site "Moscow"]
[Date "2020.02.27"]
[Round "9.31"]
[White "Murzin, Volodar"]
[Black "Chanda, Sandipan"]
[Result "1-0"]
[WhiteElo "2442"]
[BlackElo "2552"]
[Annotator "TA"]
[PlyCount "73"]
[EventDate "2020.02.19"]
[EventType "swiss"]
[EventCountry "RUS"]
[SourceTitle "playchess.com"]
[Source "ChessBase"]
[SourceQuality "1"]

{[%evp 15,73,40,45,28,47,45,48,47,43,42,48,35,47,40,33,43,25,53,34,47,47,0,70,81,70,58,127,127,124,105,122,124,141,136,129,134,170,169,263,218,220,218,246,226,221,176,370,393,648,614,586,394,399,295,1240,1231,1202,1429,1262,1234]} 1. d4 e6 2. Nf3 f5 3. g3 Nf6 4. Bg2 g6 5. O-O Bg7 6. c4 O-O 7. Nc3 d5 8. Bf4 c6 9. Qc1 {[#] A87: Dutch Defence: Leningrad System: 5 Nf3.} Nbd7 $146 ({Predecessor:} 9... Ne4 10. Be5 Nd7 11. Bxg7 Kxg7 12. b4 Qc7 13. cxd5 Nxc3 14. Qxc3 exd5 15. e3 Qd6 16. Rab1 a6 {0-1 (28) Fernandes,M (1939)-Garcia Garcia,A (2158) Coimbra 2016}) 10. Bd6 Re8 11. Ne5 {White is slightly better.} Ng4 {[%cal Rd7e5]} 12. Nxg4 fxg4 13. Rd1 $1 ({Reject} 13. cxd5 exd5 14. Rd1 Nb6 $15) 13... Nb6 14. c5 Nc4 15. Bf4 $1 $36 {[%mdl 2048] White fights for an advantage.} e5 16. Bg5 Qd7 17. b3 exd4 {[#] White must now prevent ...Nb2.} 18. Nxd5 Ne5 (18... cxd5 $11 19. bxc4 Qf7) 19. Nf6+ $14 Bxf6 20. Bxf6 d3 {White leaves nothing to chance now.} ({Black should try} 20... Qf5 $14 21. Qf4 d3) 21. Bxe5 $16 Rxe5 22. Rxd3 Qe7 23. Rd6 Be6 24. e4 Re8 25. Qc3 Rh5 26. Rad1 Qg5 (26... Bf7 $142 27. Rd7 Rxc5) 27. b4 a5 28. a3 {[%cal Ba2a3,Ba3b4][%mdl 32]} ({But not} 28. bxa5 $6 Qxc5 29. Qf6 Qe5 $16) 28... axb4 29. axb4 Qe5 30. Qa3 Rf8 $2 {[#]} (30... Qf6 31. Qd3 Re5) 31. Rd8 $18 Rxd8 $2 (31... Qf6) 32. Rxd8+ Kg7 33. Qc1 Qc7 34. Qc3+ Re5 $2 (34... Qe5 35. Qa3 Qf6) 35. Rd6 {White is clearly winning.} Kf6 36. Bf1 b5 37. Be2 {Accuracy: White = 84%, Black = 50%.} 1-0

[Event "18th Aeroflot Open-A 2020"]
[Site "Moscow"]
[Date "2020.02.27"]
[Round "9.32"]
[White "Zarubitski, Viachaslau"]
[Black "Ivic, Velimir"]
[Result "1-0"]
[WhiteElo "2432"]
[BlackElo "2558"]
[Annotator "TA"]
[PlyCount "107"]
[EventDate "2020.02.19"]
[EventType "swiss"]
[EventCountry "RUS"]
[SourceTitle "playchess.com"]
[Source "ChessBase"]
[SourceQuality "1"]

{[%evp 22,107,0,0,7,0,0,0,0,0,0,2,9,9,6,0,10,17,19,0,7,0,0,-8,-8,-11,-16,-14,0,-10,-17,-17,-10,-10,-10,-10,-10,-10,-10,-14,-11,-13,0,0,0,-4,0,0,0,0,0,0,0,0,0,-85,6,0,137,135,327,333,372,359,597,587,600,608,607,606,596,585,591,590,585,562,566,568,572,553,568,540,551,554,516,513,603,590]} 1. e4 c5 2. c3 Nf6 3. e5 Nd5 4. Nf3 Nc6 5. Bc4 Nb6 6. Bb3 d5 7. exd6 Qxd6 8. Na3 a6 9. O-O Bf5 10. d4 cxd4 11. Nxd4 Nxd4 12. cxd4 e6 {B22: Sicilian: 2 c3.} 13. Qf3 Qc6 14. Qxc6+ bxc6 {The position is equal.} 15. Bf4 Kd7 16. Rfc1 Be4 {[#]} 17. Nb1 $146 ({Predecessor:} 17. f3 Bd5 18. Bxd5 Nxd5 19. Bg3 a5 20. Nc4 f6 21. h4 Be7 22. b3 Rhc8 23. a4 Rg8 24. Be1 Bd8 25. Kf2 Bc7 26. g4 Nf4 27. Rcb1 Rgd8 {½-½ (27) Marbourg,D (2374)-Donovan,T (2312) ICCF email 2018}) 17... Bxb1 18. Raxb1 Be7 19. Be5 Rhg8 20. Rc2 g6 21. Re1 a5 {[%cal Ba6a5,Ba5a4][%mdl 32]} 22. a3 a4 23. Ba2 Rgc8 24. Kf1 Ra5 25. Ke2 Rb5 26. Kd1 Nd5 27. Bc4 Rb6 28. Kc1 Ra8 29. Rd1 h5 30. h3 Ra7 31. Rd3 Ke8 32. Rf3 Rd7 33. Kb1 h4 34. Ka2 g5 35. Re2 Rdb7 36. Rc2 Rd7 37. Re2 Bd8 38. g3 {[#]} (38. Rc2 $11) 38... hxg3 (38... f6 $1 $17 {[%cal Rf6e5]} 39. Bxd5 Rxd5 40. Bxf6 Rb3 41. Rxb3 (41. Rxe6+ $2 Kf7 $19) 41... axb3+ 42. Kxb3 Bxf6 43. Rxe6+ Kf7 44. Rxc6 Rxd4) 39. fxg3 $11 Rdb7 {[#]} (39... Ne7 $11 {remains equal.}) 40. Bd6 $1 $16 g4 $2 {This move loses the game for Black.} (40... f5 $16 41. Bc5 Kf7 42. Bxb6 Bxb6) 41. hxg4 $18 Ne7 42. Bc5 Rd7 $2 {[#]} (42... Ng6 43. Bxb6 Bxb6) 43. Rxf7 $3 {[%mdl 512] White is clearly winning.} Rxb2+ (43... Kxf7 44. Bxe6+) 44. Kxb2 Rb7+ 45. Kc2 Kxf7 46. Rxe6 Kg7 47. Kd3 Ng6 48. Rxc6 Rb1 49. Rc8 Bf6 50. Rg8+ Kh7 51. Ra8 Rg1 52. Be6 Rxg3+ 53. Kc4 Rg1 54. Bf5 {Accuracy: White = 97%, Black = 77%.} 1-0

[Event "18th Aeroflot Open-A 2020"]
[Site "Moscow"]
[Date "2020.02.27"]
[Round "9.33"]
[White "Sivuk, Vitaly"]
[Black "Kozionov, Kirill"]
[Result "1/2-1/2"]
[WhiteElo "2557"]
[BlackElo "2466"]
[Annotator "TA"]
[PlyCount "84"]
[EventDate "2020.02.19"]
[EventType "swiss"]
[EventCountry "RUS"]
[SourceTitle "playchess.com"]
[Source "ChessBase"]
[SourceQuality "1"]

{[%evp 11,84,22,58,28,39,31,47,41,57,29,93,68,70,70,70,66,67,76,79,84,78,57,59,57,54,58,57,45,61,66,48,0,3,4,23,27,30,0,0,-22,-17,-117,-95,-195,-202,-195,-147,-156,-74,-56,-3,-8,-8,-8,0,-8,-8,-3,0,0,0,0,0,0,0,0,0,0,0,0,-56,0,0,0,0]} 1. d4 Nf6 2. c4 g6 3. Nc3 Bg7 4. e4 d6 5. h3 O-O 6. Be3 Nbd7 7. g4 {E71: King's Indian: 4 e4 d6 5 h3.} e5 8. d5 Nc5 9. f3 {White is slightly better.} a5 10. Qd2 Ne8 (10... c6 $1 $11 {keeps the balance.}) 11. h4 $16 f5 12. gxf5 gxf5 {[#]} 13. h5 $146 ({Predecessor:} 13. exf5 Bxf5 14. O-O-O a4 15. Nh3 a3 16. b3 Qf6 17. Bg5 Qf7 18. Nf2 Nf6 19. Bh3 {0-1 (46) Yaylali,A (1982)-Mammadov,S (2243) Istanbul 2019}) 13... f4 14. Bxc5 dxc5 15. O-O-O Nd6 16. Qe2 Bf6 17. Bh3 Kh8 18. Bxc8 Rxc8 19. Nh3 Bh4 $1 20. Rdg1 Qe7 21. Na4 {[%cal Bc3a4,Ba4b2,Bb2d3][%mdl 32]} b6 22. b3 Rg8 23. Nb2 Rxg1+ 24. Nxg1 Rg8 25. Nd3 {[#]} a4 $1 {[%mdl 512]} 26. Qf1 (26. h6 $11 {remains equal.}) (26. bxa4 Nxc4) 26... b5 27. Ne2 {[#]} (27. Nb2 $17 {was worth a try.}) 27... axb3 $1 $19 ({Much less strong is} 27... bxc4 28. bxc4 Nxc4 29. Qh3 $17) 28. axb3 bxc4 29. bxc4 Ra8 (29... Nxc4 $142 {aiming for ...Ne3.} 30. Qh3 Bf6) 30. Qh3 $17 Ra1+ 31. Kc2 $1 Ra2+ 32. Nb2 {Nc3 is the strong threat.} Nxc4 33. Qxh4 Rxb2+ 34. Kc3 $1 $132 {[%mdl 2048] White has counterplay} Qd6 35. h6 {Black must now prevent Qg5.} Rxe2 36. Ra1 {[#] Ra8+ would kill now.} Na3 $1 37. Rxa3 $11 {[%mdl 4096] Endgame Intending Ra8+ and mate. KQR-KQR} Re3+ {[%mdl 64] Double Attack} 38. Kb2 {White threatens Ra8+ and mate.} Rxa3 39. Qg5 {[%csl Gh6][%cal Rg5g7]} Qb6+ 40. Kxa3 {[%csl Gh6][%cal Rg5g7]} Qb4+ 41. Ka2 {[%csl Gh6][%cal Rg5g7]} Qd2+ 42. Kb3 {[%csl Gh6][%cal Rg5g7]} Qd3+ {Accuracy: White = 81%, Black = 88%.} 1/2-1/2